| 000 | 00608nam a2200217 a 4500 | ||
|---|---|---|---|
| 001 | 60887 | ||
| 003 | BD-RjUL | ||
| 005 | 20211209080908.0 | ||
| 008 | 170104b1954 pk ||||| |||| 001 0 eng d | ||
| 035 | _a(BD-RjUL)61011 | ||
| 040 |
_aBD-RjUL _beng _cBD-RjUL _dBD-RjUL |
||
| 041 | _aeng | ||
| 082 |
_223 _a297.20335 _bSHI 1954 |
||
| 100 |
_aSharif, M. Raihan. _9181531 |
||
| 245 | 1 | 0 |
_aIslamic social framework / _cM. Raihan sharif |
| 260 |
_aLahore : _bOrientalia publishers, _c1954. |
||
| 300 |
_axii,172 p. ; _c22 cm. |
||
| 500 | _aIncludes index | ||
| 650 |
_aIslamic sociology. _9181532 |
||
| 942 |
_2ddc _cBK |
||
| 999 |
_c60887 _d60887 |
||